Science Quiz

Random Science or Math Quiz

Simple Math Challenge Quiz Stats

Quiz Updated Mar 6, 2012

Challenge
Share
Tweet
Embed
Score 0/141 Timer 03:00
85 Plays Today
Prob. Sol. % Correct
2 x 24
72.1%
6 - 15
72.1%
3 + 58
72.1%
1 ÷ 11
72.1%
5 - 41
72%
9 - 36
72%
6 - 33
72%
3 x 412
72%
1 x 55
72%
2 x 36
72%
6 - 24
72%
9 - 18
72%
1 + 89
72%
1 + 910
72%
2 + 24
72%
9 - 81
72%
2 - 11
72%
1 + 45
72%
2 + 79
72%
3 + 69
72%
7 - 43
72%
7 - 25
72%
2 x 510
72%
8 ÷ 18
72%
1 + 23
72%
2 + 810
72%
4 + 59
71.9%
7 + 714
71.9%
8 - 26
72%
7 - 16
71.9%
1 x 22
71.9%
3 + 912
71.9%
9 + 918
71.9%
6 - 42
71.9%
1 x 88
71.9%
2 x 714
71.9%
3 ÷ 13
71.9%
2 + 911
71.9%
5 + 611
71.9%
8 + 816
71.9%
3 - 12
71.9%
1 x 66
71.9%
9 - 63
71.9%
8 - 71
71.9%
4 + 48
71.9%
9 - 54
71.9%
8 - 53
71.9%
Prob. Sol. % Correct
4 - 31
71.9%
1 x 11
71.9%
3 - 21
71.9%
1 + 78
71.9%
1 x 99
71.9%
4 ÷ 14
71.9%
9 - 45
71.9%
6 - 51
71.9%
5 - 23
71.9%
1 x 33
71.9%
1 x 44
71.9%
1 + 12
71.9%
7 - 61
71.9%
5 - 14
71.9%
4 - 22
71.9%
1 + 56
71.8%
4 + 812
71.9%
6 + 612
71.8%
2 x 48
71.8%
2 x 918
71.9%
3 + 36
71.8%
7 ÷ 17
71.8%
8 + 917
71.8%
5 - 32
71.8%
2 x 612
71.8%
3 x 515
71.8%
4 + 610
71.8%
6 + 915
71.8%
9 - 72
71.8%
1 + 34
71.8%
2 + 57
71.8%
8 - 62
71.8%
2 ÷ 12
71.8%
8 - 44
71.8%
4 - 13
71.8%
8 - 35
71.8%
6 ÷ 23
71.8%
2 + 68
71.8%
3 x 721
71.8%
9 ÷ 19
71.8%
5 ÷ 15
71.8%
4 + 711
71.8%
2 x 816
71.8%
1 x 77
71.8%
6 x 636
71.8%
2 + 46
71.8%
8 - 17
71.8%
Prob. Sol. % Correct
3 + 47
71.7%
5 + 914
71.7%
3 x 39
71.7%
4 + 913
71.7%
7 - 52
71.7%
4 ÷ 22
71.7%
1 + 67
71.7%
2 + 35
71.7%
3 + 710
71.7%
7 + 815
71.7%
4 x 416
71.7%
5 + 813
71.7%
7 - 34
71.7%
5 + 510
71.7%
6 ÷ 16
71.7%
3 + 811
71.7%
4 x 520
71.7%
5 x 630
71.7%
7 + 916
71.6%
5 x 525
71.7%
6 ÷ 32
71.7%
5 x 945
71.6%
5 + 712
71.6%
9 x 9 81
71.6%
6 + 814
71.6%
9 - 27
71.6%
6 + 713
71.6%
3 x 824
71.6%
3 x 618
71.6%
9 ÷ 33
71.5%
8 ÷ 42
71.5%
8 ÷ 24
71.5%
5 x 840
71.5%
5 x 735
71.5%
4 x 624
71.5%
3 x 927
71.4%
7 x 749
71.3%
4 x 728
71.2%
4 x 936
71.2%
8 x 864
71.1%
4 x 832
71.1%
8 x 972
70.7%
6 x 742
70.6%
6 x 954
70.5%
7 x 856
70.3%
7 x 963
70.2%
6 x 848
70.1%

You're not logged in!

Compare scores with friends on all Sporcle quizzes.
Sign Up with Email
OR
Log In

You Might Also Like...

Show Comments

Extras

Top Quizzes Today


Score Distribution

Your Account Isn't Verified!

In order to create a playlist on Sporcle, you need to verify the email address you used during registration. Go to your Sporcle Settings to finish the process.